000 00210 a2200097 4500
001 11937
100 _aLipman, M.H.
245 _aPolitical science
260 _a
_bBarnes & nobel books
_c
090 _c9191
_d9191
942 _aNUST-CAE
_cM
_c36035
999 _c247010
_d247010